| 000 | 00793nam a2200265Ia 4500 | ||
|---|---|---|---|
| 003 | OSt | ||
| 005 | 20220930202338.0 | ||
| 006 | a|||||r|||| 00| 0 | ||
| 007 | ta | ||
| 008 | 220926b |||||||| |||| 00| 0 hin d | ||
| 024 | _a91107 | ||
| 037 | _cDissertations | ||
| 040 |
_aCRL _cCRL _bhin |
||
| 041 |
_2hin _ahin |
||
| 100 |
_aRoy Deeraj Kumar _9566785 |
||
| 110 | _aUniversity of Delhi. Faculty of Arts. Department of Hindi | ||
| 245 | 0 | _aSamkaleen kavita mein sthaniyata ka bodh | |
| 260 | _c2007 | ||
| 300 |
_a103p _ccm. |
||
| 650 |
_aHINDI LITERATURE _923866 |
||
| 700 | _a Prof. Gopeshwar Singh Gu. | ||
| 700 | _aUniversity of Delhi. Faculty of Arts. Department of Hindi | ||
| 942 |
_cDIS _2CC |
||
| 999 |
_c903074 _d903074 |
||